10 największych miast województwa małopolskiego - Statystyki

Ogólne statystyki
  • Ten quiz został rozwiązany 27 razy
  • Średni wynik to 7 z 10
Statystyki odpowiedzi
Ludność Miasto % Poprawnych
811 429 Kraków
100%
101 614 Tarnów
100%
79 821 Nowy Sącz
95%
30 807 Nowy Targ
81%
28 399 Wieliczka
81%
28 441 Bochnia
76%
34 170 Oświęcim
71%
33 707 Chrzanów
48%
25 166 Gorlice
48%
48 206 Olkusz
48%
Nie znaleziono quizów pasujących do podanych kryteriów
Rozkład punktacji
Procent ludzi z każdym wynikiem
Percentyl według liczby udzielonych odpowiedzi
Twoja historia wyników
Nie rozwiązałeś tego quizu